000 00716nam a2200253Ia 4500
003 OSt
005 20220918192839.0
006 a|||||r|||| 00| 0
007 ta
008 220917b |||||||| |||| 00| 0 eng d
024 _a70,723
037 _cTextual
040 _aARTS
_cARTS
_beng
041 _2eng
_aeng
082 _aR4xM5, H7-;2
100 _aCommins Saxe ed
_955228
245 0 _aMan and man
_b the social philosophers
260 _c1947
490 _aWorld's great thinkers ed by Saxe Commins and robert N Linscott; 3
650 _aETHICS
700 _a Linscott Robert N ed
942 _hR4xM5, H7-;2
_cTEXL
_2CC
999 _c196816
_d196816